The wizard of oz / (Record no. 180547)

MARC details
000 -LEADER
fixed length control field 00654nam a22001937a 4500
005 - DATE AND TIME OF LATEST TRANSACTION
control field 20210811122832.0
010 ## - LCCN (DPL NO)
LC control number B-741089
020 ## - INTERNATIONAL STANDARD BOOK NUMBER
International Standard Book Number 9789384930639
Terms of availability 495.00
035 ## - SYSTEM CONTROL NUMBER
System control number B-741089
037 ## - SOURCE OF ACQUISITION
Source of stock number/acquisition Gift
082 ## - DEWEY DECIMAL CLASSIFICATION NUMBER
Classification number S
100 ## - MAIN ENTRY--PERSONAL NAME
Personal name Baum, L. Frank
245 ## - TITLE STATEMENT
Title The wizard of oz /
Statement of responsibility, etc by L. Frank Baum
260 ## - PUBLICATION, DISTRIBUTION, ETC. (IMPRINT)
Place of publication, distribution, etc Delhi
Name of publisher, distributor, etc Education Gallery
Date of publication, distribution, etc 2020
270 ## - ADDRESS
Address 26/25, Block-26, Gali No. 12, Vishwas Nagar, Shahdara
City Delhi
Postal code 110032
300 ## - PHYSICAL DESCRIPTION
Extent 176p.:
Other physical details ill.
Dimensions 22cm(Hb)
942 ## - ADDED ENTRY ELEMENTS (KOHA)
Source of classification or shelving scheme Dewey Decimal Classification
Item type Children Books
Classification part S
Call number suffix BAU
Holdings
Withdrawn status Lost status Not for loan Collection code Home library Current library Date acquired Source of acquisition Cost, normal purchase price Full call number Barcode Copy number Cost, replacement price Koha item type Public note
      Fiction Central Library Central Library 11/08/2021 Gif49500t/Eng/09-08-2021 495.00 S BAU B-741089 1 495.00 Children Books Gift

© Delhi Public Library
Hit Counter
free hit counter